Tajné triky pro Minecrafťáky neoficiální nálož tipů a triků, které jinde nenajdete

Bibliographic Details
Main Author: Miller, Megan (Author)
Other Authors: Dvořák, Jan (Translator)
Format: Book
Language:Czech
English
PhysicalDescription:154 s. ilustr. 23 cm
Published: Brno Computer Press 2015
ISBN:9788025144053
Edition:1. vyd.
Subjects:

MARC

LEADER 00000nam a2200000 a 4500
001 vtls010967924
003 SK-MaSNL
005 20260301091323.0
008 240314s2015 xr a g 001 0 cze
020 |a 9788025144053  |q (brož.) 
040 |a SNK  |b slo  |c SNK  |e AACR2 
041 1 |a cze  |h eng 
044 |a xr  |c CZ 
072 7 |a 794  |x Doskové a stolové hry, logické hry, hry zručnosti, krížovky  |2 konspekt 
080 |a 793.7:004.9  |2 2001 
080 |a 794:004.9  |2 2001 
080 |a 794.05  |2 2001 
080 |a (035)  |2 2001 
100 1 |a Miller, Megan  |4 aut  |9 420378 
240 1 0 |a Hacks for Minecrafters  |l Česky 
245 1 0 |a Tajné triky pro Minecrafťáky  |b neoficiální nálož tipů a triků, které jinde nenajdete  |c Megan Miller ; [překlad Jan Dvořák] 
250 |a 1. vyd. 
260 |a Brno  |b Computer Press  |c 2015 
300 |a 154 s.  |b ilustr.  |c 23 cm 
650 0 7 |a Minecraft (hra)  |2 SNKPH  |9 361401 
650 0 7 |a počítačové hry  |2 SNKPH  |9 1855 
650 0 7 |a strtégia hier  |2 SNKPH  |9 420379 
650 0 7 |a Minecraft (game)  |2 SNKPHeng  |9 420380 
650 0 7 |a Computer games  |2 SNKPHeng  |9 332113 
650 0 7 |a Game strategy  |2 SNKPHeng  |9 344204 
655 7 |a príručky  |2 SNKPH  |9 74364 
655 7 |a Handbooks, manuals, etc.  |2 SNKPHeng  |9 90964 
700 1 |a Dvořák, Jan  |4 trl  |9 280554 
919 |a 978-80-251-4405-3 
999 |c 670949  |d 672879 
952 |a SNK  |b SNK  |y VYP  |7 0  |p 17A1124161  |o snkIC 142141  |i snk2015/29375  |8 3  |g 8.19  |0 0  |1 0  |4 0  |d 2015-10-21  |l 0  |r 2026-02-23 19:25:42  |w 2026-02-23